000 00693nam a2200217Ia 4500
003 GCL
008 140319s9999 xx 000 0 ara d
040 _aGCL /
_cGCL
082 0 4 _a810.809287
_bم ع
100 1 _aمحمد عوض خميس
245 1 0 _aعرائس فى المولد - دراسات حول المرأة العربية /
_cمحمد عوض خميس
700 1 _aمنى ميخائيل
260 _a[S.N] :
_bدار العربى للنشر والتوزيع ،
_c1977
300 _a108 ص
490 _a
650 0 4 _aالادب العربى
650 0 4 _aالمرأة فى الادب
650 0 4 _aتاريخ ونقد
650 0 4 _aالمجموعات
942 _2ddc
_cBK
999 _c30710
_d30710